Word Ladder: Manual Labor Quiz Stats

 Plays Quiz Updated Mar 17, 2019

Score 0/30 Timer 03:00
0 Plays Today
Clue 4-Letter Word % Correct
UK ElevatorLIFT
97.2%
Lemon flavor partnerLIME
96.3%
Lunar objectMOON
96.1%
12 inchesFOOT
95.9%
'____ Of Brian'LIFE
95.8%
☛ DEPARTED THE AREA ☚☛ LEFT ☚
95.6%
Road usage feeTOLL
94.3%
No longer arguable, like a pointMOOT
93.8%
Early time of the dayMORN
93.7%
☛ ____ IN CHINA ☚☛ MADE ☚
93.7%
Annoying street performerMIME
93.5%
Voter surveyPOLL
93.2%
☛ PAPERBACK, e.g. ☚☛ BOOK ☚
91.1%
Film and musical aunt's nameMAME
89.8%
Pie à la ___MODE
89.7%
Clue 4-Letter Word % Correct
Hoodwink or bamboozleFOOL
89.3%
11th US PresidentPOLK
88.3%
Sir Thomas who write 'Utopia'MORE
86.9%
☛ AMERICAN ROCK BAND ☚☛ TOOL ☚
86.4%
Vault locationBANK
84.7%
Smack on the nogginBONK
82.9%
Acne scarPOCK
78.7%
Raise or lift weightHEFT
77.7%
Hearty lagerBOCK
76.7%
Henry, to his palsHANK
75.3%
Cause damage or hurtHARM
70.7%
StagHART
61.4%
Weapon handleHAFT
59.6%
☛ COMMON BOND ☚☛ HAND ☚
51.4%
☛ BOB DYLAN'S 'MAGGIE'S ____' ☚☛ FARM ☚
49.1%

Today's Daily Dose

Missing Word
Directed by Peter

Word Ladder
Blink-182

Quick Pick
Eagles Songs

Get the Picture
NFC West Profiles

You're not logged in!

Compare scores with friends on all Sporcle quizzes.
OR
Log In

Show Comments

Extras

Top Quizzes Today


Score Distribution

Your Account Isn't Verified!

In order to create a playlist on Sporcle, you need to verify the email address you used during registration. Go to your Sporcle Settings to finish the process.

Report this User

Report this user for behavior that violates our Community Guidelines.

Details: